Statistics for The Spain Quiz

Click here to take the quiz!

General Stats

  • This quiz has been taken 24 times
  • The average score is 30 of 39

Answer Stats

HintAnswer% Correct
CurrencyEuro (EUR)
100%
Official LanguageCastilian Spanish
100%
Capital CityMadrid
100%
Second Largest CityBarcelona
100%
Primary Flag ColorRed
100%
Most Popular SportFootball (Soccer)
96%
Largest Religious DenominationRoman Catholic
96%
Nationality (Demonym)Spanish
96%
ContinentEurope
96%
Running of the Bulls CityPamplona
96%
Primary Flag ColorYellow
96%
Bordering SeaMediterranean
96%
Drives on the...Right
91%
Bordering CountryAndorra
91%
Bordering CountryFrance
91%
Largest IslandMajorca
91%
Bordering CountryMorocco
91%
Bordering OceanAtlantic
91%
ContinentAfrica
87%
Bordering CountryPortugal
87%
Third Largest CityValencia
87%
International Country Code.es
87%
Bordering BayBay of Biscay
83%
Bordering TerritoryGibraltar
83%
Primary PeninsulaIberia
78%
Autonomous CityCeuta
74%
Ferdinand II and...Isabella I
70%
Archipelago Autonomous CommunityBalearic Islands
70%
Autonomous CityMelilla
65%
Archipelago Autonomous CommunityCanary Islands
65%
Bordering SeaBalearic
65%
Former CurrencySpanish Peseta
48%
# of Autonomous Communities17
48%
Official NameKingdom of Spain
43%
Longest RiverTagus
39%
Largest Autonomous CommunityCastile and Leon
39%
MonarchFelipe VI
30%
Bordering SeaAlboran
13%
Heir to the ThroneLeonor
9%

Score Distribution

Percentile by Number Answered

Percent of People with Each Score

Your Score History

You have not taken this quiz